Welcome to the Holygrace Academy Library

Please use search bar below to get started

LEARNING LIBRARY (Record no. 2198)

MARC details
000 -LEADER
fixed length control field 00314nam a22001337a 4500
020 ## - INTERNATIONAL STANDARD BOOK NUMBER
ISBN 1-59339-267-2
082 ## - DEWEY DECIMAL CLASSIFICATION NUMBER
Classification number 030
Item number BRI/L
100 ## - MAIN ENTRY--AUTHOR NAME
Personal name BRITANNICA
245 ## - TITLE STATEMENT
Title LEARNING LIBRARY
260 ## - PUBLICATION, DISTRIBUTION, ETC. (IMPRINT)
Place of publication DELHI
Name of publisher ENCYCLOPEDIA BRITANNICA (INDIA) PVT LTD
Year of publication 2006
300 ## - PHYSICAL DESCRIPTION
Number of Pages 575
650 ## - SUBJECT ADDED ENTRY--TOPICAL TERM
Topical Term ENCYCLOPEDIA
Geographic subdivision INDIA
942 ## - ADDED ENTRY ELEMENTS (KOHA)
Koha item type Books
Holdings
Withdrawn status Lost status Collection code Home library Current library Shelving location Date acquired Source of acquisition Cost, normal purchase price Full call number Accession Number Koha item type
    Reference Main Library Main Library SHELF 1 H -DICTIONARY, ENCYCLOPEDIA 19/07/2006 purchase 1595.00 030 BRI/L 01878 Books